Տնտեսագիտամաթեմատիկական մեթոդներ և մոդելներ : (Record no. 462155)
[ view plain ]
| 000 -LEADER | |
|---|---|
| fixed length control field | 02204nam a22003137a 4500 |
| 003 - CONTROL NUMBER IDENTIFIER | |
| control field | AM-YEHGA |
| 040 ## - CATALOGING SOURCE | |
| Original cataloging agency | AM-YeHGA |
| 001 - CONTROL NUMBER | |
| control field | 1762503 |
| 005 - DATE AND TIME OF LATEST TRANSACTION | |
| control field | 20250618075424.0 |
| 008 - FIXED-LENGTH DATA ELEMENTS--GENERAL INFORMATION | |
| fixed length control field | 210322s2021 ai d|||fr|||||00||0|arm|| |
| 020 ## - INTERNATIONAL STANDARD BOOK NUMBER | |
| International Standard Book Number | 9789939729688 |
| 041 0# - LANGUAGE CODE | |
| Language code of text/sound track or separate title | arm |
| 090 ## - LOCALLY ASSIGNED LC-TYPE CALL NUMBER (OCLC); LOCAL CALL NUMBER (RLIN) | |
| -- | 465329 |
| 100 1# - MAIN ENTRY--PERSONAL NAME | |
| Personal name | Նալչաջյան, Թորգոմ Աղաբեկի |
| 9 (RLIN) | 2601 |
| 245 10 - TITLE STATEMENT | |
| Title | Տնտեսագիտամաթեմատիկական մեթոդներ և մոդելներ : |
| Remainder of title | Ուսումնական ձեռնարկ / |
| Statement of responsibility, etc. | Թ.Ա. Նալչաջյան, Ա.Թ. Նալչաջյան ; [Խմբագիր՝ Ն.Ա. Խաչատրյան ]; Գրախոս՝ Ա. Թավադյան, Գ. Բաղրամյան ; ՀՀ ԿԳՄՍՆ, ՀԱՊՀ, Մեխանիկամեքենաշինական, տրանսպորտային համակարգերի և դիզայնի ինստիտուտ, Մեքենաշինության արդյունաբերության և տրանսպորտի տնտեսագիտության և կառավարման սեկտոր. |
| 260 ## - PUBLICATION, DISTRIBUTION, ETC. | |
| Place of publication, distribution, etc. | Երևան : |
| Name of publisher, distributor, etc. | Ճարտարագետ, |
| Date of publication, distribution, etc. | 2021. |
| 300 ## - PHYSICAL DESCRIPTION | |
| Extent | 64 էջ : |
| Other physical details | գծագրեր ; |
| Dimensions | 21 սմ. |
| 500 ## - GENERAL NOTE | |
| General note | Կազմի վրա հեղինակները նշված չեն։ |
| 504 ## - BIBLIOGRAPHY, ETC. NOTE | |
| Bibliography, etc. note | Մատենագիտություն՝ էջ 63։ |
| 650 14 - SUBJECT ADDED ENTRY--TOPICAL TERM | |
| Topical term or geographic name entry element | Տնտեսագիտություն |
| Form subdivision | Ուսումնական ձեռնարկներ |
| 650 14 - SUBJECT ADDED ENTRY--TOPICAL TERM | |
| Topical term or geographic name entry element | Մաթեմատիկական մոդելավորում |
| Form subdivision | Ուսումնական ձեռնարկներ |
| 650 14 - SUBJECT ADDED ENTRY--TOPICAL TERM | |
| Topical term or geographic name entry element | Ինֆորմացիոն տեխնոլոգիաներ |
| Form subdivision | Ուսումնական ձեռնարկներ |
| 700 1# - ADDED ENTRY--PERSONAL NAME | |
| Personal name | Նալչաջյան, Արա Թորգոմի |
| 700 1# - ADDED ENTRY--PERSONAL NAME | |
| Personal name | Խաչատրյան, Ն.Ա |
| Relator term | խմբագիր |
| Relationship | edt |
| 700 1# - ADDED ENTRY--PERSONAL NAME | |
| Personal name | Թավադյան, Ա. |
| Relator term | գրախոս |
| Relationship | rev |
| 700 1# - ADDED ENTRY--PERSONAL NAME | |
| Personal name | Բաղրամյան, Գ. |
| Relator term | գրախոս |
| Relationship | վ |
| 710 2# - ADDED ENTRY--CORPORATE NAME | |
| Corporate name or jurisdiction name as entry element | Հայաստանի ազգային պոլիտեխնիկական համալսարան : |
| Subordinate unit | Մեխանիկամեքենաշինական, տրանսպորտային համակարգերի և դիզայնի ինստիտուտ : |
| -- | Մեքենաշինության արդյունաբերության և տրանսպորտի տնտեսագիտության և կառավարման սեկտոր |
| 942 ## - ADDED ENTRY ELEMENTS (KOHA) | |
| Source of classification or shelving scheme | Universal Decimal Classification |
| Koha item type | Գրքեր / Books |
| Withdrawn status | Lost status | Source of classification or shelving scheme | Damaged status | Not for loan | Collection | Home library | Current library | Date acquired | Total checkouts | Full call number | Barcode | Date last seen | Price effective from | Koha item type | Public note |
|---|---|---|---|---|---|---|---|---|---|---|---|---|---|---|---|
| Universal Decimal Classification | General | Fundamental Scientific Library | Fundamental Scientific Library | 02/04/2021 | AII/107144 | FL0645285 | 02/04/2021 | 02/04/2021 | Գրքեր / Books | 30 Days Loan | |||||
| Universal Decimal Classification | General | Fundamental Scientific Library | Fundamental Scientific Library | 02/04/2021 | AII/107145 | FL0645286 | 02/04/2021 | 02/04/2021 | Գրքեր / Books | 30 Days Loan |
ՀՀ Գիտությունների ազգային ակադեմիայի հիմնարար գիտական գրադարան = Fundamental Scientific Library of NAS RA
All site content, except where otherwise noted, is licensed under a